| 000 | 00654cam a2200229 a 4500 | ||
|---|---|---|---|
| 008 | |||
| 020 | _a0750640820 (pbk.) | ||
| 049 | _aMAIN | ||
| 090 |
_aTH7703 _bPHI |
||
| 100 | 1 | _aPhillips, Derek. | |
| 245 | 1 | 0 |
_aLighting modern buildings / _cDerek Phillips. |
| 260 |
_aOxford : _bArchitectural Press, _c2000. |
||
| 300 |
_axi, 234 p. : _bill. ; _c28 cm. |
||
| 500 | _alncludes index. | ||
| 504 | _aIncludes bibliographical references. | ||
| 650 | 0 | _aInterior lighting. | |
| 907 |
_a.b10319062 _b03-10-12 _c28-09-12 |
||
| 003 | |||
| 005 | 20230123125451.0 | ||
| 040 | _cNUST | ||
| 942 |
_cBOOKS _kTH7703 _mPHI |
||
| 999 |
_c142017 _d142017 |
||